000 00636nam a22001817a 4500
005 20260415120957.0
008 260415b |||||||| |||| 00| 0 eng d
020 _a978-0-511-65169-4
050 _aHG 8781 .D53 2009
100 _aDICKSON, DAVID C.M.
245 _aACTUARIAL MATHEMATICS FOR LIFE CONTINGENT RISKS
260 _aNEW YORK,
_bCAMBRIDGE UNIVERSITY PRESS,
_c2009
300 _aXVII, 493 P , ILL
500 _aINCLUDES BIBLIOGRAPHICAL REFRERENCES AND INDEX.
650 _aLIFE INSURANCE 2. ACTURIAL SCIENCE 3. RISK MANAGEMENT
700 _aHARDY, MARY R. WATERS, HOWARD R.
942 _2lcc
_cBK
999 _c216972
_d216972